Introdução à actividade económica: 9º ano de escolaridade
Saved in:
| Main Author: | |
|---|---|
| Format: | Unknown |
| Language: | Portuguese |
| Published: |
Lisboa
Plátano
D.L. 1987
|
| Edition: | 3ª ed |
| Textbook Catalogue: | MANES: Library Catalog Search Result |
| Textbook Classification: |
|
| Tags: |
Add Tag
No Tags, Be the first to tag this record!
|
| Added to: | 2016-04-26 |
| Changed in: | 2025-04-25 |
MARC
| LEADER | 000000000a22000000004500 | ||
|---|---|---|---|
| 001 | 26543 | ||
| 003 | OSt | ||
| 005 | 20250425111412.0 | ||
| 008 | 160427s pt ||||| |||| 00| 0 por d | ||
| 040 | |c centro_manes | ||
| 041 | 1 | |a por | |
| 100 | 1 | |a Pinto, Pedro Teixeira |9 15239 | |
| 245 | 0 | 0 | |a Introdução à actividade económica: 9º ano de escolaridade |
| 250 | |a 3ª ed | ||
| 260 | 3 | |a Lisboa |b Plátano |c D.L. 1987 | |
| 300 | |a 156 p.; |c 24 cm | ||
| 561 | |5 pt-BNP |a Portugal. Biblioteca Nacional de Portugal |k MANES | ||
| 690 | |a CS | ||
| 691 | |a SE | ||
| 942 | |2 ddc |c BK | ||
| 546 | |a Portugal | ||
| 999 | |c 28005 |d 28005 | ||
| 999 | |c manes:28005 |d 28005 | ||